书目信息 |
| 题名: |
家具设计与手绘表现从入门到精通
|
|
| 作者: | ;设计手绘教育中心 编著 | |
| 分册: | ||
| 出版信息: | 北京 人民邮电出版社 2016 |
|
| 页数: | 236页 | |
| 开本: | 26cm | |
| 丛书名: | ||
| 单 册: | ||
| 中图分类: | TS664.01 | |
| 科图分类: | ||
| 主题词: | 家具--jia ju--设计--绘画技法 | |
| 电子资源: | ||
| ISBN: | 978-7-115-43057-1 | |
| 000 | 01028nam0 2200241 450 | |
| 001 | 012017000019 | |
| 005 | 20180111085410.91 | |
| 010 | @a978-7-115-43057-1@b@dCNY69.00 | |
| 100 | @a20161022d2016 em y0chiy0121 ea | |
| 101 | 0 | @achi |
| 102 | @aCN@b110000 | |
| 105 | @aa z 000yy | |
| 106 | @ar | |
| 200 | 1 | @a家具设计与手绘表现从入门到精通@Ajia ju she ji yu shou hui biao xian cong ru men dao jing tong@f设计手绘教育中心编著@g |
| 210 | @a北京@c人民邮电出版社@d2016 | |
| 215 | @a236页@c图 (部分彩图)@d26cm | |
| 330 | @a本书共分为7个章节, 第1章介绍了家具设计概论; 第2章介绍了家具设计手绘基础; 第3章介绍了家具设计肌理材质; 第4章介绍了民用家具设计; 第5章介绍了公共家具设计; 第6章介绍了家具设计的开发; 第7章介绍了家具设计作品赏析, 通过搜集一些优秀的家具设计手绘效果图, 以供读者参考学习。 | |
| 606 | 0 | @a家具@Ajia ju@x设计@x绘画技法 |
| 690 | @aTS664.01@v5 | |
| 711 | 02 | @a设计手绘教育中心@Ashe ji shou hui jiao yu zhong xin@4编著 |
| 801 | 0 | @aCN@b湖北三新@c20170704@g |
| 905 | @aBZT@dTS664.01@e5 | |
| 906 | @dCNY69.00@n5@r1 | |
| 家具设计与手绘表现从入门到精通/设计手绘教育中心编著.-北京:人民邮电出版社,2016 |
| 236页:图 (部分彩图);26cm |
| ISBN 978-7-115-43057-1:CNY69.00 |
| 本书共分为7个章节, 第1章介绍了家具设计概论; 第2章介绍了家具设计手绘基础; 第3章介绍了家具设计肌理材质; 第4章介绍了民用家具设计; 第5章介绍了公共家具设计; 第6章介绍了家具设计的开发; 第7章介绍了家具设计作品赏析, 通过搜集一些优秀的家具设计手绘效果图, 以供读者参考学习。 |
| ● |
| 相关链接 |
|
|
|
正题名:家具设计与手绘表现从入门到精通
索取号:TS664.01/5
 
预约/预借
| 序号 | 登录号 | 条形码 | 馆藏地/架位号 | 状态 | 备注 |
| 1 | 845859 | 2000845859 | 第二书库/ [索取号:TS664.01/5] | 在馆 | |
| 2 | 845860 | 2000845860 | 第二书库/ [索取号:TS664.01/5] | 在馆 | |
| 3 | 845861 | 2000845861 | 第二书库/ [索取号:TS664.01/5] | 在馆 |